000 00249nam a2200097Ia 4500
008 240331s9999 xx 000 0 und d
082 _bVED
100 _aVedavalli, L
245 0 _aSocio economic profile of Sri Lanka repatriates in Kotagiri
942 _cL
999 _c1452
_d1452